000 00311nam a2200121 i 4500
001 bg
245 0 _aKoszalińskie w Polsce Ludowej :
_bpraca zbiorowa /
_cpod red. E.Z. Zdrojewskiego.
260 _aPoznań,
_c1975.
040 _cBPK
041 _apol
942 _cKS
008 s pl f |000 0 pol
999 _c28058
_d28058
856 _uhttp://koha.tu.koszalin.pl/cgi-bin/koha/opac-detail.pl?biblionumber=28058
_yKatalog online BPK